| 000 | 00533nam a2200133Ia 4500 | ||
|---|---|---|---|
| 008 | 160809s9999 xx 000 0 und d | ||
| 100 | _aKatz, Jennifer. | ||
| 245 | _aTEACHING TO DIVERSITY: CREATING COMPASSIONATE LEARNING COMMUNITIES FOR DIVERSE ELEMENTARY SCHOOL STUDENTS | ||
| 245 | _cJennifer Katz, Marion Porath The University of British Columbia. | ||
| 260 | _bInternational Journal of Special Education | ||
| 260 | _c2011 | ||
| 650 | _xSPECIAL EDUCATION | ||
| 856 | _uhttp://www.internationaljournalofspecialed.com/issues.php | ||
| 999 |
_c300446 _d300446 |
||